000 02344nam a22002897a 4500
999 _c62662
_d62662
003 Ge_BSU
005 20250120162635.0
008 250120s2024 ge ||||| |||| 00| 0 geo d
020 _a9789941859168
041 _ageo
080 _a821.353.1.09 ა-49
100 _aალიმონაკი, ლერი
_915226
245 _a[თხზულებანი : 6 ტომად]. ტომი 2, არდავიწყება მოყვრისა. ქართულად ნათარგმანევი. დიალოგები. დრო და დრამები. შვიდი დღის ქრონიკა. წიგნისთვის "ნაფეხურები" /
_cლერი ალიმონაკი; სარედაქციო ჯგუფი: ანდრო ბედუკაძე (პროექტის ავტორი და მთ. რედაქტორი), ივანე ამირხანაშვილი, ლევან თითმერია [და სხვა]; ტომის რედაქტორი ივანე ამირხანაშვილი.
264 _aთბილისი :
_bილიას ფონდი,
_c2024.
300 _a464 გვ. ;
_b 21 სმ.
490 _aპრემია "საგურამოს ბიბლიოთეკა"
653 _aქართული ლიტერატურის ისტორია და კრიტიკა
653 _aქართული მემუარული ლიტერატურა
653 _aქართული პუბლიცისტური წერილები
700 _aბედუკაძე, ანდრო
_eმთ. რედაქტორი
_924061
700 _aამირხანაშვილი, ივანე
_eტომის რედაქტორი
_924063
700 _aთითმერია, ლევან
_eრედაქტორი
_923741
700 _aჩხეიძე, როსტომ
_eრედაქტორი
_91213
700 _aუსანეთაშვილი, ვაჟა
_eრედაქტორი
_924064
700 _aშერაზადიშვილი, უჩა
_eრედაქტორი
_924065
942 _2udc
_cᲬᲘᲒᲜᲘ